| 000 | 00803nam a22002657a 4500 | ||
|---|---|---|---|
| 999 |
_c412557 _d412557 |
||
| 001 | 125326 | ||
| 003 | UA-OsUOA | ||
| 005 | 20191114104547.0 | ||
| 007 | ta | ||
| 008 | 20170914b un ||||| |||| 00| 0 ukr d | ||
| 020 | _a9667888118 | ||
| 040 |
_aUA-OsUOA _bukr _cUA-OsUOA _dUA-OsUOA |
||
| 041 | _aukr | ||
| 080 | _a008(100) | ||
| 090 |
_a008(100) _bГ51 |
||
| 100 | _aГірц К. | ||
| 245 |
_aІнтерпретація культур _bвибрані есе |
||
| 260 |
_aК. _bДіх і Літера _c2001 |
||
| 300 | _a542 с. | ||
| 650 | 7 |
_a008 Цивілізація. Культура. Прогрес _2UDC |
|
| 856 | 4 | 0 | _uhttp://shron1.chtyvo.org.ua/Clifford_Geertz/Interpretatsiia_kultur.pdf |
| 942 |
_cBK _2udc |
||
| 955 | _a1 | ||